000 00769nam a2200253 a 4500
001 BRCA_3591
005 20190320204339.0
008 070809s1960----fr-a######---#000-0#fre-#
041 _afre
044 _afr
050 4 _aN2030
_b.B39 1960
100 1 _aBazin, Germain René Michel
_d1901-1990
_99325
245 1 0 _aTrésors de la peinture au Louvre
_cpar Germain Bazin.
250 _a2
260 _aParís
_bAimery Somogy
_c1960
300 _a319 p.
_bil. (algunas a color)
_c22 cm.
500 _aIncluye tabla de materias, tabla de ilustraciones e índice de nombres
500 _aB261
610 2 4 _aMusee National Louvre (París)
_99326
650 1 4 _aPinturas
_zParís
_99327
650 1 4 _aGalerías y museos
_zFrancia
_97839
902 _aGFM
942 _2lcc
_cB
999 _c3326
_d3326